LEADER 04254nam 2200613 450 001 9910137207503321 005 20230621140023.0 010 $a9782889194148$b(ebook) 035 $a(CKB)3710000000526079 035 $a(SSID)ssj0001683360 035 $a(PQKBManifestationID)16509213 035 $a(PQKBTitleCode)TC0001683360 035 $a(PQKBWorkID)15037848 035 $a(PQKB)10037646 035 $a(WaSeSS)IndRDA00056635 035 $a(oapen)https://directory.doabooks.org/handle/20.500.12854/54481 035 $a(EXLCZ)993710000000526079 100 $a20160829d2015 uy 101 0 $aeng 135 $aur||#|||||||| 181 $ctxt$2rdacontent 182 $cc$2rdamedia 183 $acr$2rdacarrier 200 00$aNeural processing of emotion in multimodal settings /$ftopic editors: Martin Klasen, Benjamin Kreifelts, Yu-Han Chen, Janina Seubert and Klaus Mathiak 210 $cFrontiers Media SA$d2015 210 31$aFrance :$cFrontiers Media SA,$d2015 215 $a1 online resource (274 pages) $cillustrations; digital file(s) 225 0 $aFrontiers Research Topics 300 $aBibliographic Level Mode of Issuance: Monograph 320 $aIncludes bibliographical references. 330 $aOur everyday life is characterized by a multitude of emotionally relevant cues that we perceive and communicate via various sensory channels. This does not only encompass the obvious cases of auditory and visual modalities, but also olfactory, gustatory, and even tactile stimuli. Any kind of emotional situation in a natural setting is usually a multimodal experience: A friend welcomes us with warm words, a smile, and a happy voice; the sight of our favourite food is accompanied by a seductive smell and a delicious taste; the thrill of watching an exciting movie scene is intensified by a gripping soundtrack. In these situations, the signals from various senses do not stand on their own; they interact and create a unified emotional experience. Recent neuroscientific research has begun to accommodate this inherent multimodality of emotions in natural situations by studying the interaction of affectively relevant information from more than one sensory channel. Fascinating new aspects emerge concerning the neurobiology of emotion processing, and there is evidence that integrating emotional cues from various sources invokes brain processes that go beyond the well-known patterns observed during unimodal stimulation. The scope of this Research Topic is to gather novel and interesting studies dealing with the multimodality of emotions and their neural processing. We want to address researchers which are applying novel paradigms such as multimodal virtual reality settings, social interactions, and the combination of the auditory and visual domains with other sensory modalities such as smell, taste, or touch. Referring to this, we explicitly encourage articles describing new experimental approaches and analysis strategies. Our aim is to gain a comprehensive picture of how the brain combines emotionally relevant information from different sensory modalities. In particular, there is an urgent need for the integration of findings from electrophysiological and functional neuroimaging investigations as well as new insights from functional connectivity studies. We are convinced that this volume will be of high interest for a large community of brain researchers dealing with emotion research, social interaction, and complex multimodal integration processes. 606 $aPsychology$2HILCC 606 $aSocial Sciences$2HILCC 610 $aemotion 610 $aValence 610 $achemosensation 610 $aAttention 610 $aArousal 610 $amultisensory integration 610 $aSchizophrenia 610 $aFear extinction 610 $aaudiovisual 610 $aCrossmodal Prediction 615 7$aPsychology 615 7$aSocial Sciences 700 $aKlaus Mathiak$4auth$01364019 702 $aKreifelts$b Benjamin 702 $aChen$b Youhan 702 $aKlasen$b Martin 801 0$bPQKB 801 2$bUkMaJRU 912 $a9910137207503321 996 $aNeural processing of emotion in multimodal settings$93385187 997 $aUNINA LEADER 03813nam 2200745Ia 450 001 9910966982403321 005 20251116175328.0 010 $a1-138-99072-8 010 $a1-134-39036-X 010 $a1-280-07841-3 010 $a0-203-40105-0 024 7 $a10.4324/9780203401057 035 $a(CKB)1000000000249210 035 $a(EBL)200304 035 $a(OCoLC)56573405 035 $a(SSID)ssj0000388987 035 $a(PQKBManifestationID)11274110 035 $a(PQKBTitleCode)TC0000388987 035 $a(PQKBWorkID)10443778 035 $a(PQKB)11776033 035 $a(MiAaPQ)EBC200304 035 $a(Au-PeEL)EBL200304 035 $a(CaPaEBR)ebr10093582 035 $a(CaONFJC)MIL7841 035 $a(PPN)198459491 035 $a(EXLCZ)991000000000249210 100 $a20030925d2004 uy 0 101 0 $aeng 135 $aur|n|---||||| 181 $ctxt 182 $cc 183 $acr 200 00$aDiaspora, identity, and religion $enew directions in theory and research /$fedited by Waltraud Kokot, Khachig Tololyan and Carolin Alfonso 210 $aLondon ;$aNew York, NY $cRoutledge$d2004 215 $a1 online resource (222 p.) 225 1 $aRoutledge Research in Transnationalism 300 $aDescription based upon print version of record. 311 08$a0-203-35105-3 311 08$a0-415-30991-3 320 $aIncludes bibliographical references and index. 327 $aBook Cover; Title; Contents; List of contributors; Introduction; Deconstructing and comparing diasporas; Politics, history and locality; 'Too close for comfort': re-membering the forgotten diaspora of Irish women in England; Place, movement and identity: processes of inclusion and exclusion in a 'Caribbean' family; Why locality matters: diaspora consciousness and sedentariness in the Armenian diaspora in Greece; Past and present in the history of modern Greek diaspora; Griots, roots and identity in the African diaspora 327 $aThe invention of history in the Irish-American diaspora: myths of the Great FamineDiasporic aspects of religion; Religion or culture? Concepts of identity in the Alevi diaspora; A double minority: notes on the emerging Yezidi diaspora; A diachronic view of diaspora, the significance of religion and Hindu Trinidadians; Let it flow: economy, spirituality and gender in the Sindhi network; Index 330 $aOver the last decade, concepts of diaspora and locality have gained complex new meanings in political discourse as well as in social and cultural studies. Diaspora, in particular, has acquired new meanings related to notions such as global deterritorialization, transnational migration and cultural hybridity.The authors discuss the key concepts and theory, focus on the meaning of religion both as a factor in forming diasporic social organisations, as well as shaping and maintaining diasporic identities, and the appropriation of space and place in history. It includes up to date research of 410 0$aRoutledge Research in Transnationalism 606 $aEmigration and immigration 606 $aEthnic relations$xPolitical aspects 606 $aGroup identity 606 $aReligious minorities 606 $aSpace and time$xSocial aspects 615 0$aEmigration and immigration. 615 0$aEthnic relations$xPolitical aspects. 615 0$aGroup identity. 615 0$aReligious minorities. 615 0$aSpace and time$xSocial aspects. 676 $a304.809 701 $aKokot$b Waltraud$01879253 701 $aTo?lo?lyan$b Khachig$01879254 701 $aAlfonso$b Carolin$f1969-$01879255 801 0$bMiAaPQ 801 1$bMiAaPQ 801 2$bMiAaPQ 906 $aBOOK 912 $a9910966982403321 996 $aDiaspora, identity, and religion$94492364 997 $aUNINA